| 000 | 00494nam a22001937a 4500 | ||
|---|---|---|---|
| 003 | MPLRDC | ||
| 005 | 20220104183638.0 | ||
| 008 | 210129b ||||| |||| 00| 0 eng d | ||
| 020 | _a986-7664-94-9 | ||
| 082 | _a861.57 CXZ | ||
| 100 | _a驰星周 | ||
| 245 |
_a夜光虫 _c邱振瑞译 |
||
| 250 | _a初版 | ||
| 260 |
_a台湾 _b国际角川书店股份有限公司 _c2004 |
||
| 300 | _b平 | ||
| 490 | _a文学放映所. 024 | ||
| 650 | _a日本现代小说 | ||
| 942 |
_cBK _o861.57 CXZ |
||
| 999 |
_c62502 _d62492 |
||